Experiential approach for developing multicultural counseling competence / (Record no. 479847)

MARC details
000 -LEADER
fixed length control field 01762cam a2200385 i 4500
001 - CONTROL NUMBER
control field EDZ0000085671
003 - CONTROL NUMBER IDENTIFIER
control field StDuBDS
005 - DATE AND TIME OF LATEST TRANSACTION
control field 20161031105126.0
006 - FIXED-LENGTH DATA ELEMENTS--ADDITIONAL MATERIAL CHARACTERISTICS--GENERAL INFORMATION
fixed length control field m||||||||d||||||||
007 - PHYSICAL DESCRIPTION FIXED FIELD--GENERAL INFORMATION
fixed length control field cr |||||||||||
008 - FIXED-LENGTH DATA ELEMENTS--GENERAL INFORMATION
fixed length control field 120522s2012 cau fo| 001|0|eng|d
020 ## - INTERNATIONAL STANDARD BOOK NUMBER
International Standard Book Number 9781452244075 (ebook) :
Terms of availability No price
040 ## - CATALOGING SOURCE
Original cataloging agency StDuBDS
Language of cataloging eng
Transcribing agency StDuBDS
Description conventions rda
-- pn
049 ## - LOCAL HOLDINGS (OCLC)
Holding library Alfaisal Main Library
050 #0 - LIBRARY OF CONGRESS CALL NUMBER
Classification number BF636.7.C76
Item number F38 2012
082 04 - DEWEY DECIMAL CLASSIFICATION NUMBER
Classification number 361.06
Edition number 23
100 1# - MAIN ENTRY--PERSONAL NAME
Personal name Fawcett, Mary L.,
Relator term author.
245 10 - TITLE STATEMENT
Title Experiential approach for developing multicultural counseling competence /
Statement of responsibility, etc Mary L. Fawcett, Kathy M. Evans.
264 #1 - PRODUCTION, PUBLICATION, DISTRIBUTION, MANUFACTURE STATEMENTS
Place of production, publication, distribution, manufacture Thousand Oaks, California :
Name of producer, publisher, distributor, manufacturer SAGE Publications,
Date of production, publication, distribution, manufacture 2012.
300 ## - PHYSICAL DESCRIPTION
Extent 1 online resource (xi, 205 pages)
336 ## - CONTENT TYPE
Content Type Term text
Source rdacontent
337 ## - MEDIA TYPE
Media Type Term computer
Source rdamedia
338 ## - CARRIER TYPE
Carrier Type Term online resource
Source rdacarrier
504 ## - BIBLIOGRAPHY, ETC. NOTE
Bibliography, etc Includes bibliographical references and index.
520 8# - SUMMARY, ETC.
Summary, etc This book is for students preparing for a career in counseling or mental health. It helps them develop the key skills of working effectively wih clients fom diverse backgrounds by providing a ready-made resource of multicultural and diversity activities that instructors can assign to enhance student learning in class.
521 ## - TARGET AUDIENCE NOTE
Target audience note Specialized.
588 ## -
-- Description based on online resource; title from home page (viewed on December 15, 2014).
650 #0 - SUBJECT ADDED ENTRY--TOPICAL TERM
Topical term or geographic name as entry element Cross-cultural counseling.
655 #7 - INDEX TERM--GENRE/FORM
Genre/form data or focus term Electronic books.
Source of term local
700 1# - ADDED ENTRY--PERSONAL NAME
Personal name Evans, Kathy M.,
Relator term author.
710 2# - ADDED ENTRY--CORPORATE NAME
Corporate name or jurisdiction name as entry element Sage eBooks
776 08 - ADDITIONAL PHYSICAL FORM ENTRY
Display text Print version :
International Standard Book Number 9781412996525
856 40 - ELECTRONIC LOCATION AND ACCESS
Uniform Resource Identifier <a href="http://ezproxy.alfaisal.edu/login?url=http://sk.sagepub.com/books/experiential-approach-for-developing-multicultural-counseling-competence">http://ezproxy.alfaisal.edu/login?url=http://sk.sagepub.com/books/experiential-approach-for-developing-multicultural-counseling-competence</a>
942 ## - ADDED ENTRY ELEMENTS (KOHA)
Source of classification or shelving scheme Library of Congress Classification
Koha item type eBooks

No items available.

Copyright © 2020 Alfaisal University Library. All Rights Reserved.
Tel: +966 11 2158948 Fax: +966 11 2157910 Email:
librarian@alfaisal.edu